[Event "Vienna Husek op-B"]
[Site "Vienna"]
[Date "2012.08.17"]
[Round "5"]
[White "Erkic, Marko"]
[Black "Dolinar, Matic"]
[Result "0-1"]
[WhiteElo "1620"]
[BlackElo "1753"]
[PlyCount "74"]
[EventDate "2012.08.13"]
[EventType "swiss"]
[EventRounds "7"]
[EventCountry "AUT"]
[SourceTitle "EXT 2014"]
[Source "ChessBase"]
[SourceDate "2013.11.20"]
[SourceVersion "1"]
[SourceVersionDate "2013.11.20"]
[SourceQuality "1"]

1. d4 Nf6 2. c4 c5 3. d5 e6 4. Bg5 exd5 5. cxd5 d6 6. g3 g6 7. Bg2 Bg7 8. e4 0-0 9. Ne2 b5 10. 0-0 Re8 11. Nd2 Nbd7 12. Qb3 a5 13. Rae1 Qb6 14. Qc2 Ne5 15. b3 Ba6 16. f4 c4+ 17. Kh1 Nd3 18. Rd1 Nf2+ 19. Rxf2 Qxf2 20. Bf3 Qc5 21. bxc4 bxc4 22. e5 dxe5 23. fxe5 Rxe5 24. Bxf6 Bxf6 25. d6 Ree8 26. Ne4 Rxe4 27. Qxe4 Kg7 28. d7 Qe5 29. Qc6 Qb5 30. Nf4 c3 31. Nd3 Rd8 32. Qxb5 Bxb5 33. Ne1 Rxd7 34. Nc2 Ba4 35. Be4 Re7 36. Bd3 Bg5 37. Kg2 Bxc2 0-1

[Event "Vienna Husek op-B"]
[Site "Vienna"]
[Date "2012.08.15"]
[Round "3"]
[White "Maienschein, Sarah"]
[Black "Erkic, Marko"]
[Result "1-0"]
[WhiteElo "1728"]
[BlackElo "1620"]
[PlyCount "64"]
[EventDate "2012.08.13"]
[EventType "swiss"]
[EventRounds "7"]
[EventCountry "AUT"]
[SourceTitle "EXT 2014"]
[Source "ChessBase"]
[SourceDate "2013.11.20"]
[SourceVersion "1"]
[SourceVersionDate "2013.11.20"]
[SourceQuality "1"]

1. e4 e5 2. Nc3 Nf6 3. f4 d6 4. Nf3 Bg4 5. Bc4 Nbd7 6. 0-0 exf4 7. d4 g5 8. Qe2 Qe7 9. Re1 0-0-0 10. a4 Bg7 11. Ba6 Nb8 12. Bc4 Nfd7 13. Nd5 Qe8 14. c3 a5 15. Ba2 Nf6 16. Qc4 Nxd5 17. exd5 Qd7 18. Nxg5 Bh6 19. Ne4 Qf5 20. Bb1 Qg6 21. Qf1 Rde8 22. Bxf4 Bxf4 23. Qxf4 Bh3 24. g3 f5 25. Nxd6+ Qxd6 26. Rxe8+ Rxe8 27. Bxf5+ Bxf5 28. Qxf5+ Nd7 29. c4 Qh6 30. Rf1 Qe3+ 31. Qf2 Qb3 32. Qf7 Qxc4 1-0